01323 2200373 4500001002100000005001500021035002000036007000300056008004100059020002200100082001500122084001700137100003200154245022700186300003900413650003300452700003800485700004200523700002800565700003400593700002900627700002900656504003400685264003600719336002100755337003000776338002300806040002200829090002200851440002000873850001200893999002200905990002200927INLIS00000000087745620230321013240 a0010-0323000723ta230321s2022 yoia g 00 0 ind d a978-979-28-4521-104223a372.86 a372.86 ARY p0 aAry SetyaningsihePengarang10aPendidikan jasmani, olahraga, dan kesehatan untuk SD/MI kelas VI /cAry Setyaningsih, Brilliant Nur Rahmawan, Muhammad Rizky Aria Luqoni ; penyunting, Ari Subekti, Wulan Tri Wahyuni ; ilustrator, Heru Santosa, Heri Parwoko avi, 162 halaman :bgambar ;c28 cm 4aOlahraga -- Pendidikan dasar0 aBrilliant Nur RahmawanePengarang0 aMuhammad Rizky Aria LuqoniePengarang0 aAri SubektiePenyunting0 aWulan Tri WahyuniePenyunting0 aHeru SantosaeIlustrator0 aHeri ParwokoeIlustrator aBibliografi : halaman 158-15931aBantul :bIntan Pariwara,c2022 2rdacontentateks 2rdamediaatanpa perantara 2rdacarrieravolume aYOPDYOGbinderda aCB-D.11 2022-2772 aBuku interaktif aYOPDYOG aCB-D.11/2022-2772 aCB-D.11/2022-2772